European map dataset (Record no. 73423)
[ view plain ]
| 000 -LEADER | |
|---|---|
| fixed length control field | 01008cam a2200205 4500 |
| 001 - CONTROL NUMBER | |
| control field | WB3935-09 |
| 008 - FIXED-LENGTH DATA ELEMENTS--GENERAL INFORMATION | |
| fixed length control field | 030917n2003 000 0 eng u |
| 035 ## - SYSTEM CONTROL NUMBER | |
| System control number | (Sirsi) u123643 |
| 245 ## - TITLE STATEMENT | |
| Title | European map dataset |
| 260 ## - PUBLICATION, DISTRIBUTION, ETC. | |
| Date of publication, distribution, etc. | 2003 |
| 490 ## - SERIES STATEMENT | |
| Series statement | Geomatics World |
| Volume/sequential designation | 11(6) September/October 2003, 6(1) |
| 520 ## - SUMMARY, ETC. | |
| Summary, etc. | EuroGeographics, the association of European national mapping agencies has launched the first release of a European digital topographic dataset. With a 1:1m scale, EuroGlobalMap covers 30 European countries and eventually the whole continent. Co-funded by the European Commission, the dataset uses official national databases in six themes: administrative boundaries, hydrography; transport; settlements; elevation; and named location (geographical names). More information at http://www.eurogeographics.org. |
| 590 ## - LOCAL NOTE (RLIN) | |
| Local note | WB |
| 650 ## - SUBJECT ADDED ENTRY--TOPICAL TERM | |
| Topical term or geographic name entry element | EUROPE |
| 650 ## - SUBJECT ADDED ENTRY--TOPICAL TERM | |
| Topical term or geographic name entry element | DIGITAL MAP DATA |
| 650 ## - SUBJECT ADDED ENTRY--TOPICAL TERM | |
| Topical term or geographic name entry element | DIGITAL MAPS |
| 650 ## - SUBJECT ADDED ENTRY--TOPICAL TERM | |
| Topical term or geographic name entry element | GEOGRAPHICAL INFORMATION |
| 690 ## - LOCAL SUBJECT ADDED ENTRY--TOPICAL TERM (OCLC, RLIN) | |
| Topical term or geographic name as entry element | Geomatics |
| 9 (RLIN) | 6242 |
| 942 ## - ADDED ENTRY ELEMENTS (KOHA) | |
| Suppress in OPAC | 0 |
| Withdrawn status | Lost status | Source of classification or shelving scheme | Damaged status | Not for loan | Home library | Current library | Shelving location | Date acquired | Total Checkouts | Full call number | Barcode | Date last seen | Copy number | Price effective from | Koha item type |
|---|---|---|---|---|---|---|---|---|---|---|---|---|---|---|---|
| Dewey Decimal Classification | London | London | News article | 17/09/2003 | WB3935-09 | 123643-1001 | 06/08/2019 | 1 | 06/08/2019 | News article |